000 02877nam0a2200397 4500
001 RU\NLR\BIBL_A\022709131
005 20260426072452.0
010 _a978-5-392-45116-6
_91000
021 _aRU
_bКН-П-25-074774
_9КН-П-25-7254
035 _a(NLR Aleph) 022709131
090 _a13692807
_c13692807
100 _a20260126d2026 k y0rusy50 ca
101 0 _arus
102 _aRU
105 _aabc z 000zb
181 0 _ai
_baxxe
182 0 _an
200 1 _aПетр II
_fНиколай Павленко
_gнаучное предисловие доктора исторических наук профессора Н. Г. Георгиевой
203 _aТекст
_bвизуальный
_cнепосредственный
210 _aМосква
_cРоссийское военно-историческое общество
_cПроспект
_d2026 (печ. 2025)
215 _a647, [1] с.
_cил., карты, портр.
_d22
225 1 _aСобиратели земли русской
_eСЗР
_fавтор идеи и главный редактор: профессор, д. и. н. В. Р. Мединский
320 _aБиблиогр. в подстроч. примеч.
320 _aДругие произведения авт. в конце кн.
327 1 _aНа тит. с. и переплёте: прил.: Записки герцога Лирийского ; Самодержавный отрок / Н. И. Костомаров
333 _a12+
464 0 _12001#$aЗаписки о пребывании при императорском российском дворе в звании посла короля испанского$fгерцог Лирийский
_1700#1$aБервик-и-Лирия$bЯ.$cгерцог$f1696-1738$gЯков$3RU\NLR\AUTH\770141893
_tЗаписки о пребывании при императорском российском дворе в звании посла короля испанского
_aБервик-и-Лирия, Яков (герцог ; 1696-1738)
464 0 _12001#$aСамодержавный отрок$fН. И. Костомаров
_1700#1$aКостомаров$bН. И.$cисторик$f1817-1885$gНиколай Иванович$3RU\NLR\AUTH\779376
_tСамодержавный отрок
_aКостомаров, Николай Иванович (историк ; 1817-1885)
600 0 _aПетр
_cимператор российский
_dII
_f1715 - 1730
_91900897
_3RU\NLR\AUTH\66865395
686 1 _aТ3(2)463,022.2
700 1 _7ca
_8rus
_aПавленко
_bН. И.
_cд-р ист. наук
_f1916-2016
_gНиколай Иванович
_917517
_3RU\NLR\AUTH\7734514
702 0 _4280
_7ca
_8rus
_aПетр
_cимператор российский
_dII
_f1715-1730
_9123527
_3RU\NLR\AUTH\7713845
942 _cBOOK
980 _aNB